000 00762cab a2200265 4500
001 ABS51320
008 090401t1994 xxu||||| |||| 00| 0 eng d
035 _a(Sirsi) u21783
041 _aeng
100 _aPincher, R.
245 _aResidential developments - the recent changes
260 _c1994
350 _a0
490 _aEstates Gazette
_v(9434) 27 August 1994, 105-106(2)
520 _aExamines the recent changes in legislation relating to the zero rating of domestic buildings for VAT.
650 _aDIY BUILDERS
650 _aDOMESTIC BUILDINGS
650 _aOPTION TO TAX
650 _aRELEVANT GOODS AND SERVICES
650 _aVALUE ADDED TAX
650 _aZERO RATING
690 _aTAXATION
942 _n0
948 _c04/03/1997
999 _c14602
_d14602